Red Dead Redemption Characters - Statistics

General Stats
  • This quiz has been taken 84 times
  • The average score is 27 of 48
Answer Stats
Game Hint Answer % Correct
RDR2 Protagonist, RDR2 Arthur Morgan
99%
RDR/RDR2 Protagonist, RDR John Marston
96%
RDR/RDR2 Charismatic gang leader Dutch van der Linde
89%
RDR/RDR2 Son of RDR protagonist Jack Marston
86%
RDR/RDR2 Wife of RDR protagonist Abigail Marston
84%
RDR/RDR2 Elderly gang member; lumbago Uncle
84%
RDR2 Traitorous gang member Micah Bell
82%
RDR2 Native American gang member Charles Smith
78%
RDR2 Widowed gang member Sadie Adler
78%
RDR/RDR2 Army veteran gang member Bill Williamson
75%
RDR/RDR2 Mexican gang member; outlaw Javier Escuella
75%
RDR2 Rival gang leader Colm O’Driscoll
70%
RDR2 Pinkerton agent Andrew Milton
68%
RDR2 Gang second-in-command; conman Hosea Matthews
68%
RDR2 Gang member; cook Simon Pearson
68%
RDR/RDR2 Pinkerton agent Edgar Ross
66%
RDR2 Gang member; former O’Driscoll Kieran Duffy
64%
RDR2 Gang member; camp boss Susan Grimshaw
64%
RDR2 Disappearing gang member Josiah Trelawny
63%
RDR2 Oil magnet; major antagonist Leviticus Cornwall
63%
RDR2 Gang member; reverend Orville Swanson
62%
RDR2 Son of Native American chief Eagle Flies
60%
RDR2 Gang gunman Lenny Summers
60%
RDR2 Sheriff of Rhodes Leigh Gray
58%
RDR2 Irish gang member Molly O’Shea
58%
RDR2 Wapiti Native American chief Rains Fall
58%
RDR2 Gang member; thief Tilly Jackson
58%
RDR2 Italian mob leader in Saint Denis Angelo Bronte
56%
RDR2 Scarlett Meadows matriarch Catherine Braithwaite
56%
RDR2 Irish gang member; gunman Sean MacGuire
56%
RDR2 Gang member; thief and writer Mary-Beth Gaskill
49%
RDR2 Lover of RDR2 protagonist Mary Linton
49%
RDR2 Cuban ruler of Guarma Alberto Fussar
45%
RDR2 Gang member; conwoman Karen Jones
45%
RDR Famous gunslinger Landon Ricketts
42%
RDR New Austin rancher Bonnie MacFarlane
40%
RDR Arms dealer and drunk Irish
36%
RDR Mexican Army captain Vincente de Santa
34%
RDR2 US Army colonel Henry Favours
32%
RDR Mexican rebel leader Abraham Reyes
30%
RDR2 Guarma revolutionary Hercule Fontaine
29%
RDR Elderly conman Nigel West Dickens
26%
RDR Mexican Army colonel Agustin Allende
22%
RDR Pinkerton agent Archer Fordham
21%
RDR Armadillo sheriff Leigh Johnson
21%
RDR Professor from Yale Harold MacDougal
18%
RDR Crazy treasure hunter Seth Briars
18%
RDR Mexican rebel Luisa Fortuna
16%
No matching quizzes found
Score Distribution
Percent of People with Each Score
Percentile by Number Answered
Your Score History
You have not taken this quiz